| 000 | 00979cam a22002538a 4500 | ||
|---|---|---|---|
| 001 | 16124077 | ||
| 005 | 20100308145603.0 | ||
| 008 | 100308s2007 enk | 00| 0 eng d | ||
| 020 | _a9780273706786 (pbk.) | ||
| 040 |
_aDLC _cDLC |
||
| 082 | 0 | 0 |
_222 _a658.84 _bHOL |
| 100 | 1 |
_aHollensen, Svend. _913127 |
|
| 245 | 1 | 0 |
_aGlobal Marketing : _bA Decision-oriented Approach / _cSvend Hollensen. |
| 250 | _a4th ed. | ||
| 260 |
_aHarlow, England : _bFinancial Times Prentice Hall, _cc2007. |
||
| 263 | _a1007 | ||
| 300 |
_axxxviii, 714p. : _bcol. ill.; _c24 cm. |
||
| 504 | _aIncludes bibliographical references and index. | ||
| 650 | 0 |
_aExport marketing. _913128 |
|
| 650 | 0 |
_aExport marketing _vCase studies. _913129 |
|
| 942 |
_2ddc _cBB |
||
| 999 |
_c13785 _d13785 |
||